|
|
|
|
| LEADER |
00000nab a2200000 a 4500 |
| 001 |
vtls000719735 |
| 003 |
SK-MaSNL |
| 005 |
20260414103559.0 |
| 008 |
250429c1999 xo 0 slo |
| 015 |
|
|
|a SNBRB2000/04-11400
|
| 035 |
|
|
|a CLN000071902
|
| 035 |
|
|
|a urn:nbn:sk:snk-abjnn
|
| 035 |
|
|
|a (urnnbn)urn:nbn:sk:snk:ar-00416h
|
| 035 |
|
|
|a (uuid)3063ec67-b051-4468-8d5b-c5e38a240940
|
| 040 |
|
|
|a SNKBUCL
|b slo
|c SNKBUCL
|e AACR2
|
| 041 |
0 |
|
|a slo
|
| 044 |
|
|
|a xo
|c SK
|
| 080 |
|
|
|a 654.93:681.3
|2 1997
|
| 080 |
|
|
|a 681.3
|2 1997
|
| 100 |
1 |
|
|a Baráth, Július,
|d 1968-
|4 aut
|9 1636837
|
| 245 |
1 |
0 |
|a Internet
|n (10. časť)
|p Intranet
|c Július Baráth
|
| 650 |
0 |
7 |
|a internet
|2 snkbucl
|9 1833
|
| 650 |
0 |
7 |
|a intranety
|2 snkbucl
|9 49773
|
| 655 |
|
7 |
|a články z novín a časopisov
|2 snkbucl
|9 267496
|
| 773 |
0 |
|
|t Apológia
|g Roč. 7, č. 12 (1999), s. 12-13
|x 1335-0463
|
| 850 |
|
|
|a Slovenská národná knižnica
|
| 852 |
|
|
|a Slovenská národná knižnica
|
| 954 |
|
|
|a odborná, vedecká literatúra pôvodná (slovenská)
|2 lita
|
| 958 |
|
|
|a article2022
|
| 958 |
|
|
|a OND
|
| 958 |
|
|
|a EUIPO
|
| 992 |
|
|
|a RBX
|
| 999 |
|
|
|c 2879335
|d 2881265
|